000 00641nam a2200241Ia 4500
001 979
003 GE_BSU
008 181216s||||||||xx |||||||||||||| ||und||
020 _a340642338
040 _cGE_BSU
080 _a341.1(075.8)
100 _aЛукащук,И.И.
245 _aМеждународное право.Особенная часть
245 _bУч-к для юридических фак-в
260 _aМосква
260 _bизд-во БЕК
260 _c1998
300 _a410стр.
541 _h12л.
653 _aМеждународное право
653 _aПраво
942 _cBK
999 _c35137
_d35137